Quiz sur Antigua-et-Barbuda - Statistiques

Statistiques générales
  • Ce quiz a été pris 3 217 fois
  • Le résultat moyen est 11 sur 16
Statistiques - réponses
Question Réponse % Correct
Langue officielle Anglais
97%
Mer qui borde Antigua-et-Barbuda Mer des Caraïbes
93%
Département français situé au sud d'Antigua Guadeloupe
91%
Pays qui possédait Antigua de 1632 à 1981 Royaume-Uni
91%
Religion la plus pratiquée Protestantisme
89%
Devise monétaire Dollar
87%
Secteur qui représente 50% du PIB Tourisme
87%
Celui-ci fait partie de ce groupe d'îles Petites {Antilles}
82%
Catastrophe naturelle qui a causé l'évacuation permanente de l'île de Barbuda en 2017 Ouragan Irma
75%
Roi d'Antigua-et-Barbuda, de jure Charles III
69%
Signification d'Antigua en espagnol Ancienne
61%
Sport le plus populaire Cricket
59%
Capitale et plus grande ville Saint John's
55%
Maladie aujourd'hui éradiquée qui aurait tué la plupart des indigènes d'Antigua Variole
41%
Le point culminant du pays, Boggy Peak, était nommé en l'honneur de ce président étranger jusqu'en 2016 Barack Obama
35%
Archipel qui comprend Antigua Îles du {Vent}
31%
Aucun quiz correspondant
Distribution des résultats
% des personnes avec chaque résultat
Percentile par nombre de réponses
Votre historique - résultats
Vous n’avez pas pris ce quiz